书目信息 |
| 题名: |
桩基动力学
|
|
| 作者: | 雷林源 著 | |
| 分册: | ||
| 出版信息: | 北京 冶金工业出版社 2000.08 |
|
| 页数: | 247页 | |
| 开本: | 16开 | |
| 丛书名: | ||
| 单 册: | ||
| 中图分类: | TU473.1 | |
| 科图分类: | ||
| 主题词: | 地基--基础(工程) | |
| 电子资源: | ||
| ISBN: | 7-5024-2562-4 | |
| 000 | 00544nam0 2200193 45 | |
| 001 | 0012140925 | |
| 005 | 20001214092312.8 | |
| 010 | @a7-5024-2562-4@d29.80元 | |
| 100 | @a20001214d2000 km y0chiy0120 ea | |
| 101 | 0 | @achi |
| 105 | @a z 000yy | |
| 200 | 1 | @a桩基动力学@AZhuang Ji Dong Li Xue@f雷林源著@FLei Lin Yuan Zhu |
| 210 | @a北京@c冶金工业出版社@d2000.08 | |
| 215 | @a247页@d16开 | |
| 606 | 0 | @a地基@x基础(工程) |
| 690 | @aTU473.1@v3 | |
| 701 | 0 | @a雷林源@4著 |
| 801 | @aCN@bPftUser@c20001214 | |
| 905 | @b312775-776@dTU473.1@eL917@f2 | |
| 桩基动力学/雷林源著.-北京:冶金工业出版社,2000.08 |
| 247页;16开 |
| ISBN 7-5024-2562-4:29.80元 |
| ● |
| 相关链接 |
|
|
|
正题名:桩基动力学
索取号:TU473.1/L917
 
预约/预借
| 序号 | 登录号 | 条形码 | 馆藏地/架位号 | 状态 | 备注 |
| 1 | 312775 | 203127758 | 建筑库101/101建筑库 98排3列1层/ [索取号:TU473.1/L917] | 在馆 | |
| 2 | 312776 | 203127767 | 建筑库101/101建筑库 98排3列1层/ [索取号:TU473.1/L917] | 在馆 |